Statistics for Most Common First Names in the United States - P

Click here to take the quiz!

General Stats

  • This quiz has been taken 473 times
    (457 since last reset)
  • The average score is 10 of 20

Answer Stats

Hint Answer % Correct
365Pete
94%
13Paul
93%
2Patricia
86%
43Peter
84%
42Patrick
82%
37Pamela
72%
95Paula
70%
271Penny
53%
95Philip
50%
133Pauline
49%
87Phillip
42%
177Pedro
37%
338Pablo
35%
287Perry
35%
101Peggy
32%
262Patsy
27%
93Phyllis
24%
275Priscilla
23%
360Preston
20%
224Pearl
11%

Score Distribution

Percentile by Number Answered

Percent of People with Each Score

Your Score History

You have not taken this quiz since the last reset